| 000 | 00434nam a2200181Ia 4500 | ||
|---|---|---|---|
| 005 | 20250423101649.0 | ||
| 008 | 250422s9999 xx 000 0 und d | ||
| 020 | _a8180611000 | ||
| 050 | _aQP 514 .M35/ | ||
| 100 | _aMalhotra, V. K. | ||
| 245 | 0 | _aViva in biochemistry | |
| 250 | _a5th ed. | ||
| 260 | _aNew Delhi | ||
| 260 | _bJATPEE BROTHERS Medical Publishers (P) Ltd. | ||
| 260 | _c2003 | ||
| 300 | _a114 p | ||
| 942 | _cBK | ||
| 999 |
_c36915 _d36915 |
||